| 000 | 00351nam a22001337a 4500 | ||
|---|---|---|---|
| 008 | 181126b xxu||||| |||| 00| 0 eng d | ||
| 020 | _a | ||
| 041 | _aeng | ||
| 080 | _a043.3 | ||
| 100 | _a0 | ||
| 101 | _aBTH-ARK | ||
| 245 |
_aShndërrimi i aeroportit ushtarak të Gjakovës në aeroport civil-Terminali i pasagjarëve _cImeri,E |
||
| 942 |
_2udc _cBK |
||
| 999 |
_c52502 _d52502 |
||